书目信息 |
| 题名: |
方纪文集
|
|
| 作者: | 方纪 著 | |
| 分册: | 三 | |
| 出版信息: | 天津 百花文艺出版社 1986 |
|
| 页数: | 299页 | |
| 开本: | 20cm | |
| 丛书名: | ||
| 单 册: | ||
| 中图分类: | I217.2 , I211 | |
| 科图分类: | ||
| 主题词: | 文学--作品综合集--中国--现代 , 文学--作品集--中国 | |
| 电子资源: | ||
| ISBN: | ||
| 000 | 00681nam0 2200265 45 | |
| 001 | 0186007582 | |
| 005 | 20040414184505.8 | |
| 010 | @dCNY2.60 | |
| 091 | @a10151.848 | |
| 100 | @a19951102d1986 em y0chiy0121 ea | |
| 101 | 0 | @achi |
| 102 | @aCN@b120000 | |
| 105 | @af z 000zy | |
| 106 | @ar | |
| 200 | 10 | @a方纪文集@h三@Afang ji wen ji@f方纪著 |
| 210 | @a天津@c百花文艺出版社@d1986 | |
| 215 | @a299页@c照片@d20cm | |
| 606 | @a文学@x作品综合集@y中国@z现代 | |
| 606 | 0 | @a文学@x作品集@x中国 |
| 690 | @aI217.2@v3 | |
| 690 | @aI211 | |
| 701 | 0 | @a方纪@4著@Afang ji |
| 801 | 0 | @aCN@b深圳图书馆@c20040414 |
| 801 | 2 | @aCN@bNLC@c20040414 |
| 905 | @f1@b253258@dI211@e311:3 | |
| 方纪文集.三/方纪著.-天津:百花文艺出版社,1986 |
| 299页:照片;20cm |
| ISBN :CNY2.60 |
| ● |
| 相关链接 |
|
|
|
|
正题名:方纪文集
索取号:I211/311:3
 
预约/预借
| 序号 | 登录号 | 条形码 | 馆藏地/架位号 | 状态 | 备注 |
| 1 | 0253258 | 000234464 | 第二借阅区/ [索取号:I211/311:3] | 在馆 | |
| 2 | 0253259 | 000234605 | 第一样本阅览室/ [索取号:I211/311:3] | 在馆 |